000 00577nam a2200193 i 4500
001 28681
003 ES-MaACL
005 20251120063125.0
007 t|
008 030117s1840 sp ||||1| spa d
080 _a348.42
100 1 _aBalmes, Jaime,
_d1810-1848
_925096
245 1 0 _aObservaciones sociales, políticas y económicas sobre los bienes del clero /
_cJaime Balmes.
260 _aVichs :
_bJ. Valls,
_c1840.
300 _a110 p. ;
_c20 cm.
650 4 _aPatrimonio eclesiástico.
_9136669
852 4 _aES-MaACL
_jT-133-F-5
999 _c28681
_d28681